Development,decentralisation and democracy / (Record no. 104598)

MARC details
000 -LEADER
fixed length control field 00639nam a22002057a 4500
005 - DATE AND TIME OF LATEST TRANSACTION
control field 20161111165027.0
010 ## - LCCN (DPL NO)
LC control number ENG-116530
020 ## - INTERNATIONAL STANDARD BOOK NUMBER
International Standard Book Number 9788125058779
Terms of availability 795.00
035 ## - SYSTEM CONTROL NUMBER
System control number EN-100062
037 ## - SOURCE OF ACQUISITION
Source of stock number/acquisition DBAD/PUB
082 ## - DEWEY DECIMAL CLASSIFICATION NUMBER
Classification number 338.954
245 ## - TITLE STATEMENT
Title Development,decentralisation and democracy /
Statement of responsibility, etc edited by Ash Narain Roy [and] George Mathew
260 ## - PUBLICATION, DISTRIBUTION, ETC. (IMPRINT)
Place of publication, distribution, etc New Delhi
Name of publisher, distributor, etc Orient Black Swan
Date of publication, distribution, etc 2015
270 ## - ADDRESS
Address 1/24 Asf Ali Road
City New Delhi
Postal code 110002
300 ## - PHYSICAL DESCRIPTION
Extent xii,364p.
Dimensions 22cm (Hb)
500 ## - GENERAL NOTE
General note includes index.
700 ## - ADDED ENTRY--PERSONAL NAME
Personal name Roy,Ash Narain
9 (RLIN) 916
700 ## - ADDED ENTRY--PERSONAL NAME
Personal name Mathew,George
9 (RLIN) 917
942 ## - ADDED ENTRY ELEMENTS (KOHA)
Source of classification or shelving scheme Dewey Decimal Classification
Item type English Books
Call number suffix DEV
Classification part 338.954
Holdings
Withdrawn status Lost status Not for loan Collection code Home library Current library Date acquired Source of acquisition Cost, normal purchase price Full call number Barcode Copy number Cost, replacement price Koha item type
    Not For Loan Non-fiction D.B.Act.Division Bawana 11/11/2016 DBAD/PUB 795.00 338.954 DEV EN-100062 1 795.00 English Books

© Delhi Public Library
Hit Counter
free hit counter